000 00957nam a2200277 c 4500
003 BLK
005 20180422115257.0
008 180411b bul|||||r ||||||| ||bul||
010 _aKNG00192235000
040 _aBLK
041 _aBUL
_cBUL
080 _aБългарска литература
_b821.163.2
_x-1
_z821.163.2-1
100 1 _aГеров, Александър Цветков
_eпърви автор
_9365150
139 _aГеров, Александър Цветков
_bГ 41
245 1 0 _aЛюбовна лирика
_cАлександър Цветков Геров.
257 _aBGR
260 София
_bНар. младеж
_c1983
_fПерник : В. Андреев
300 _a176 с.
_bс ил.
_c21 см
380 _aX
500 _a4 650 тир.
852 _aЦб 123706
856 4 _qpdf
_u
856 4 _qpdf
_u
942 _cKNG
_n0
944 _aCR
_c11.10.2016
_kКина_Георгиева
944 _aED
_c11.10.2016
_kКина_Георгиева
999 _c183305
_d183305